000 00799nam a2200265Ia 4500
001 Para_6303
003 CHAP
008 220125s1981 xx 000 0 und d
010 _a205034
040 _cCHAP
082 _aPA 595.7 M2
100 _aMcCafferty, W. Patrick
_9170975
245 _aAquatic entomology :
_b the fishermen's and ecologists' illustrated guide to insects and their relatives /
_c by W. Patrick McCaffeity
260 _aBoston, Massachusetts :
_b Science Books International
300 _a448 p.
650 _aInsectos
_958888
650 _aInsectos
_x identificación
_958929
901 _aPA 595.7 M2
902 _aA
905 _a0000001981 a 0000000000 00
910 _a1981
942 _cPARA
942 _cPARA
_d1
999 _c205034
_d205034